[Event "Montreal op"]
[Site "Montreal"]
[Date "2024.09.15"]
[Round "5"]
[White "Duval, Mathieu"]
[Black "Lima Barbosa, Raphael"]
[Result "1/2-1/2"]
[WhiteElo "1833"]
[BlackElo "1942"]
[PlyCount "158"]
[EventDate "2024.09.13"]
[EventType "swiss"]
[EventRounds "5"]
[EventCountry "CAN"]
[SourceTitle "EXT 2025"]
[Source "ChessBase"]
[SourceDate "2024.10.14"]
[SourceVersion "1"]
[SourceVersionDate "2024.10.14"]
[SourceQuality "1"]

1. d4 d5 2. c4 e6 3. Nc3 Nf6 4. Nf3 Be7 5. h3 Nbd7 6. cxd5 exd5 7. Bf4 c6 8. e3 0-0 9. Bd3 Re8 10. 0-0 Nf8 11. Qc2 Nh5 12. Bh2 g6 13. e4 dxe4 14. Bxe4 Nf6 15. Bd3 Bd6 16. Rfe1 Bxh2+ 17. Kxh2 Ne6 18. Ne4 Nd5 19. Rad1 Kg7 20. Bc4 Nec7 21. Qb3 Rb8 22. Ne5 Bf5 23. Nc5 b6 24. Qg3 Qd6 25. Nb3 f6 26. Ng4 Qxg3+ 27. Kxg3 Be6 28. Nd2 Rbd8 29. Rc1 Nb4 30. a3 Rxd4 31. Bxe6 Rxd2 32. axb4 Rxe6 33. Rxe6 Nxe6 34. Rxc6 Kf7 35. Nh6+ Ke7 36. Ng8+ Kd7 37. Rc3 Rxb2 38. Ra3 Rxb4 39. Nxf6+ Kc6 40. Rxa7 Rb3+ 41. f3 h5 42. Ne4 Nc7 43. Ra1 b5 44. Rc1+ Kb6 45. Rd1 b4 46. Rd6+ Ka5 47. Rxg6 Rd3 48. Rg7 Nb5 49. Nc5 Rd5 50. Nb3+ Ka4 51. Nc1 Rd1 52. Na2 b3 53. Ra7+ Nxa7 54. Nc3+ Ka3 55. Nxd1 Ka2 56. f4 Kb1 57. Kf2 Nb5 58. f5 Kc2 59. Ke1 Nc3 60. f6 Nxd1 61. f7 b2 62. f8Q Nc3 63. Qf2+ Kb3 64. Qb6+ Kc2 65. Qg6+ Kb3 66. Kf2 h4 67. Kf3 b1Q 68. Qxb1+ Nxb1 69. Kg4 Kc4 70. Kxh4 Kd5 71. Kg5 Ke6 72. Kg6 Nc3 73. g4 Nd5 74. h4 Nf6 75. g5 Ne4 76. Kh6 Kf7 77. Kh7 Nf6+ 78. Kh6 Ng8+ 79. Kh5 Nf6+ 1/2-1/2

[Event "Laval op"]
[Site "Laval"]
[Date "2024.06.22"]
[Round "2"]
[White "Duval, Mathieu"]
[Black "Ghnatios, Ralph"]
[Result "1-0"]
[WhiteElo "1873"]
[BlackElo "2013"]
[PlyCount "97"]
[EventDate "2024.06.21"]
[EventType "swiss"]
[EventRounds "5"]
[EventCountry "CAN"]
[SourceTitle "CBM 221 Extra"]
[Source "ChessBase"]
[SourceDate "2024.09.30"]
[SourceVersion "1"]
[SourceVersionDate "2024.09.30"]
[SourceQuality "1"]

1. d4 Nf6 2. c4 e6 3. Nc3 d5 4. cxd5 exd5 5. Bg5 Nbd7 6. e3 Be7 7. Bd3 0-0 8. Nge2 c6 9. 0-0 Re8 10. a3 Ne4 11. Bxe7 Qxe7 12. b4 a6 13. Bxe4 dxe4 14. Qb3 Nf6 15. Rfd1 Be6 16. Qc2 Bd5 17. Na4 b5 18. Nb6 Rab8 19. Nxd5 cxd5 20. Rac1 Qd7 21. Qc6 Rbc8 22. Qxd7 Nxd7 23. Nf4 Nb6 24. Rc5 Red8 25. Rdc1 Rxc5 26. dxc5 Nc8 27. Ne2 Kf8 28. Nd4 Ne7 29. f4 g6 30. a4 bxa4 31. Ra1 Nf5 32. Kf2 Nxd4 33. exd4 Rb8 34. Rxa4 Ke7 35. Ke3 Kd7 36. Rxa6 Rxb4 37. Rd6+ Ke7 38. Rxd5 f5 39. Re5+ Kd7 40. d5 Rb2 41. d6 Kc6 42. Re8 Rxg2 43. Rc8+ Kd7 44. Rc7+ Kd8 45. c6 Rc2 46. Kd4 h6 47. Kd5 e3 48. Rh7 Rd2+ 49. Ke6 1-0

[Event "Montreal Pere Noel op"]
[Site "Montreal"]
[Date "2023.12.28"]
[Round "2"]
[White "Bassel, Charaf"]
[Black "Duval, Mathieu"]
[Result "1-0"]
[WhiteElo "2000"]
[BlackElo "1640"]
[PlyCount "73"]
[EventDate "2023.12.27"]
[EventType "swiss"]
[EventRounds "5"]
[EventCountry "CAN"]
[SourceTitle "CBM 218 Extra"]
[Source "ChessBase"]
[SourceDate "2024.03.31"]
[SourceVersion "1"]
[SourceVersionDate "2024.03.31"]
[SourceQuality "1"]

1. d4 d5 2. Nf3 Nf6 3. Bf4 Bf5 4. c4 c6 5. Qb3 Qc8 6. e3 Nbd7 7. Nc3 e6 8. Nh4 Bg6 9. h3 Be7 10. Nxg6 hxg6 11. Bd3 dxc4 12. Bxc4 Nd5 13. Bh2 N7b6 14. Be2 Nxc3 15. bxc3 0-0 16. a4 c5 17. 0-0 cxd4 18. cxd4 Qd7 19. Rfb1 Bd6 20. Bxd6 Qxd6 21. a5 Nd5 22. Qxb7 Rfb8 23. Qa6 Qc7 24. Rc1 Qe7 25. Bf3 Rb2 26. Bxd5 exd5 27. Rc5 Rd8 28. Rac1 Rd6 29. Qc8+ Kh7 30. Qg4 f5 31. Qf4 Qd8 32. Rc8 Qf6 33. h4 Re6 34. Ra8 Re4 35. Qg5 Qxg5 36. hxg5 f4 37. Rcc8 1-0